MAGIC TREE HOUSE RESEARCH GUIDE (Record no. 6312)
[ view plain ]
| 000 -LEADER | |
|---|---|
| fixed length control field | 00528nam a22001457a 4500 |
| 020 ## - INTERNATIONAL STANDARD BOOK NUMBER | |
| ISBN | 0-375-80296-7 |
| 082 ## - DEWEY DECIMAL CLASSIFICATION NUMBER | |
| Classification number | 823 |
| Item number | OSB/D |
| 100 ## - MAIN ENTRY--AUTHOR NAME | |
| Personal name | OSBORNE, MARY POPE |
| 245 ## - TITLE STATEMENT | |
| Title | MAGIC TREE HOUSE RESEARCH GUIDE |
| 246 ## - VARYING FORM OF TITLE | |
| Title proper/short title | DINOSAURS |
| 260 ## - PUBLICATION, DISTRIBUTION, ETC. (IMPRINT) | |
| Place of publication | CANADA |
| Name of publisher | RANDOM HOUSE INC |
| Year of publication | 2000 |
| 300 ## - PHYSICAL DESCRIPTION | |
| Number of Pages | 120 |
| 520 ## - SUMMARY, ETC. | |
| Summary, etc | Dinosaurs were a successful group of animals that emerged between 240 million and 230 million years ago and came to rule the world until about 66 million years ago, when a giant asteroid slammed into Earth. |
| 942 ## - ADDED ENTRY ELEMENTS (KOHA) | |
| Koha item type | Books |
| Withdrawn status | Lost status | Collection code | Home library | Current library | Shelving location | Date acquired | Source of acquisition | Full call number | Accession Number | Koha item type |
|---|---|---|---|---|---|---|---|---|---|---|
| Reference | Main Library | Main Library | SHELF 15-K-CHILDREN'S STORYBOOKS | 28/10/2019 | Purchase | 823 OSB/D | 11802 | Books |